000 00408nam a2200181Ia 4500
001 3274
005 20260306144909.0
008 260306t2004||||xx |||||||||||||| ||spa||
041 _aESP
082 _a262.91
_bP11E
100 _aPablo VI, Papa
_eAUT
245 0 _aEncĂ­clicas de Pablo VI
260 _c2004
300 _a509 páginas :
_c
650 _aGEN
654 _aCHU
942 _cLIB
_dJUS
_fJUS
_2ddc
_n
999 _c3274
_d3274